Grófova pomsta Stará Ľubovňa 1292/2002

Podrobná bibliografia
Hlavný autor: (ar) (Autor)
Médium: Článok
Jazyk:slovenčina
Predmet:

MARC

LEADER 00000nab a2200000 a 4500
001 vtls001030703
003 SK-MaSNL
005 20260303223624.0
008 040720e20020613xo 0 slo
035 |a SL9257 
040 |a SLLK  |b slo  |c SLLK  |e AACR2 
041 0 |a slo 
044 |a xo  |c SK 
080 |a 94(437.6)  |2 1981 
100 0 |a (ar)  |4 aut  |9 838472 
245 1 0 |a Grófova pomsta  |b Stará Ľubovňa 1292/2002 
590 |a Mariassy ?-? 
600 0 7 |a Mariassy ?-?  |2 SLLK  |9 1258361 
650 0 7 |a šľachta  |2 SLLK  |9 28113 
650 0 7 |a Kosuthovo povstatie  |2 SLLK  |9 1258362 
650 0 7 |a historky  |2 SLLK  |9 887971 
651 7 |a Stará Ľubovňa (Slovensko)  |2 SLLK  |9 19193 
651 7 |a SL,  |2 SLLK  |9 1022390 
655 7 |a periodikum  |2 snkbucl  |9 29553 
773 0 8 |t Ľubovnianske noviny  |g Roč. 28, č.24, 13.6.2002, s. 2 
852 |a ZVYKNI  |b KIS3GCP 
999 |c 2248593  |d 2250523